Digitálna konkurenčná schopnosť krajín EÚ diplomová práca

Gespeichert in:
Bibliographische Detailangaben
1. Verfasser: Hrnčiar, Samuel
Körperschaft: Národohospodárska fakulta EU. Katedra hospodárskej politiky
Weitere Verfasser: Fifeková, Elena
Format: Buch
Sprache:Slowakisch
Veröffentlicht: Bratislava 2021
Tags: Tag hinzufügen
Keine Tags, Fügen Sie das erste Tag hinzu!

MARC

LEADER 00000nbm a2200000 4500
001 0274284
005 20220121090702.0
041 0 |a slo 
044 |a SK 
245 1 0 |a Digitálna konkurenčná schopnosť krajín EÚ  |b diplomová práca  |c Samuel Hrnčiar ; školiteľ: Elena Fifeková 
264 1 |a Bratislava  |c 2021 
300 |a 64 s. 
100 1 |a Hrnčiar, Samuel 
700 1 |a Fifeková, Elena 
710 2 |a Národohospodárska fakulta EU. Katedra hospodárskej politiky